[Event "HUN-chT2 Charousek 1415"]
[Site "Hungary"]
[Date "2014.10.12"]
[Round "1"]
[White "Horvath, Imre"]
[Black "Ivan, Zoltan"]
[Result "1-0"]
[WhiteElo "2251"]
[BlackElo "2164"]
[PlyCount "71"]
[EventDate "2014.10.12"]
[EventType "team-tourn"]
[EventRounds "9"]
[EventCountry "HUN"]
[SourceTitle "EXT 2016"]
[Source "ChessBase"]
[SourceDate "2015.10.08"]
[SourceVersion "1"]
[SourceVersionDate "2015.10.08"]
[SourceQuality "1"]
[WhiteTeam "SZASTE"]
[BlackTeam "Komlo"]
[WhiteTeamCountry "HUN"]
[BlackTeamCountry "HUN"]

1. d4 Nf6 2. Nf3 e6 3. c4 d5 4. Nc3 c6 5. cxd5 exd5 6. Bg5 Be7 7. e3 Bf5 8. Be2 Nbd7 9. 0-0 0-0 10. Nh4 Be6 11. Qc2 Ne8 12. Bxe7 Qxe7 13. Nf5 Bxf5 14. Qxf5 Nd6 15. Qc2 Nf6 16. Bd3 Nde4 17. Rae1 Nxc3 18. bxc3 c5 19. Qb1 b6 20. e4 dxe4 21. Bxe4 Nxe4 22. Rxe4 Qd6 23. Rfe1 Rad8 24. h3 h6 25. Qb5 cxd4 26. cxd4 Qd5 27. Qa6 Rd7 28. Qa3 Qd6 29. Qe3 Rdd8 30. Rd1 Qd5 31. Rd2 Rc8 32. Re5 Qd6 33. f4 Qb4 34. f5 Rc3 35. Qf4 Rd3 36. Rxd3 1-0

[Event "HUN-chT2 Charousek 1314"]
[Site "Hungary"]
[Date "2014.03.23"]
[Round "9"]
[White "Horvath, Imre"]
[Black "Bali, Janos"]
[Result "0-1"]
[WhiteElo "2285"]
[BlackElo "2263"]
[PlyCount "96"]
[EventDate "2013.09.08"]
[EventType "team-tourn"]
[EventRounds "11"]
[EventCountry "HUN"]
[SourceTitle "EXT 2016"]
[Source "ChessBase"]
[SourceDate "2015.10.08"]
[SourceVersion "1"]
[SourceVersionDate "2015.10.08"]
[SourceQuality "1"]
[WhiteTeam "Alsoszolnok"]
[BlackTeam "Budapest EAC"]
[WhiteTeamCountry "HUN"]
[BlackTeamCountry "HUN"]

1. e4 d6 2. d4 Nf6 3. Nc3 e5 4. Nf3 Nbd7 5. Bc4 Be7 6. h3 0-0 7. Be3 c6 8. a4 exd4 9. Bxd4 Nb6 10. Bb3 a5 11. 0-0 d5 12. Bxb6 Qxb6 13. exd5 cxd5 14. Nxd5 Nxd5 15. Qxd5 Be6 16. Qb5 Qxb5 17. axb5 Bxb3 18. cxb3 Bf6 19. Ra4 Bxb2 20. Rd1 f6 21. Rd7 Rf7 22. Rxf7 Kxf7 23. Rc4 Re8 24. g3 Ke6 25. Nd2 Rd8 26. Re4+ Kf7 27. Nc4 Bc3 28. Kg2 Bb4 29. Kf3 Rd5 30. b6 Rb5 31. Rd4 Ke7 32. Re4+ Kd7 33. Rd4+ Ke6 34. Re4+ Kd5 35. Rh4 Bc5 36. Rh5+ Kd4 37. Ne3 Kc3 38. Nd5+ Kb2 39. Rxh7 Rxb3+ 40. Ke4 a4 41. Rxg7 a3 42. Rxb7 a2 43. Ra7 Ra3 44. Rxa3 Bxa3 45. b7 Bd6 46. Ne3 a1Q 47. Nc4+ Kb3 48. Nxd6 Qe5+ 0-1

[Event "HUN-chT2 Charousek 1314"]
[Site "Hungary"]
[Date "2014.03.02"]
[Round "8"]
[White "Farkas, Gabor"]
[Black "Horvath, Imre"]
[Result "1-0"]
[WhiteElo "2278"]
[BlackElo "2285"]
[PlyCount "91"]
[EventDate "2013.09.08"]
[EventType "team-tourn"]
[EventRounds "11"]
[EventCountry "HUN"]
[SourceTitle "EXT 2016"]
[Source "ChessBase"]
[SourceDate "2015.10.08"]
[SourceVersion "1"]
[SourceVersionDate "2015.10.08"]
[SourceQuality "1"]
[WhiteTeam "Szombathely Haladas II"]
[BlackTeam "Alsoszolnok"]
[WhiteTeamCountry "HUN"]
[BlackTeamCountry "HUN"]

1. e4 e5 2. Nf3 Nf6 3. Nc3 Bb4 4. d3 d5 5. exd5 Nxd5 6. Bd2 0-0 7. Be2 Nc6 8. 0-0 Re8 9. Nxd5 Qxd5 10. Bxb4 Nxb4 11. Ng5 Qd8 12. Qd2 Nc6 13. Rae1 h6 14. Ne4 f5 15. Ng3 Be6 16. Bf3 Bd5 17. Bxd5+ Qxd5 18. Nxf5 Qxa2 19. c4 Nd4 20. Qb4 Qb3 21. Ne7+ Kf7 22. Qxb3 Nxb3 23. Nd5 Rac8 24. f4 e4 25. Rxe4 Rxe4 26. dxe4 Nd2 27. Ra1 a6 28. e5 Nxc4 29. Rc1 Ke6 30. Rxc4 Kxd5 31. Rc3 c5 32. Kf2 c4 33. Ke3 b5 34. Rc1 a5 35. Rd1+ Kc5 36. Rd7 g6 37. g4 Kb4 38. e6 Kb3 39. e7 Re8 40. f5 gxf5 41. gxf5 Kxb2 42. f6 c3 43. Rc7 c2 44. Kd2 b4 45. Rxc2+ Kb1 46. Rc7 1-0

[Event "HUN-chT2 Charousek 1314"]
[Site "Hungary"]
[Date "2013.10.20"]
[Round "3"]
[White "Ivan, Attila"]
[Black "Horvath, Imre"]
[Result "1-0"]
[WhiteElo "2266"]
[BlackElo "2285"]
[PlyCount "93"]
[EventDate "2013.09.08"]
[EventType "team-tourn"]
[EventRounds "11"]
[EventCountry "HUN"]
[SourceTitle "EXT 2016"]
[Source "ChessBase"]
[SourceDate "2015.10.08"]
[SourceVersion "1"]
[SourceVersionDate "2015.10.08"]
[SourceQuality "1"]
[WhiteTeam "Komlo Banyasz"]
[BlackTeam "Alsoszolnok"]
[WhiteTeamCountry "HUN"]
[BlackTeamCountry "HUN"]

1. e4 c6 2. d4 d5 3. exd5 cxd5 4. c4 Nf6 5. Nc3 g6 6. Qb3 Bg7 7. cxd5 0-0 8. Be2 Nbd7 9. Bf3 Nb6 10. Nge2 Bf5 11. 0-0 Bd3 12. d6 exd6 13. Bxb7 Rb8 14. Bf3 Re8 15. Qd1 Ba6 16. Re1 Qd7 17. Bf4 Nc4 18. b3 Nb2 19. Qd2 Nd3 20. Red1 Re7 21. Bg5 Rbe8 22. Nf4 Qf5 23. Nxd3 Bxd3 24. Bxf6 Bxf6 25. Nd5 Bxd4 26. Nxe7+ Rxe7 27. Rac1 Bb6 28. Re1 Re5 29. Rcd1 Be4 30. Bxe4 Rxe4 31. Rxe4 Qxe4 32. Qxd6 Qe2 33. Qd2 Bxf2+ 34. Kh1 Qg4 35. Rf1 Bb6 36. Qd5 Qe6 37. Qxe6 fxe6 38. g4 Kg7 39. Kg2 e5 40. Kf3 Kf6 41. Ke4+ Kg5 42. h3 Bd4 43. b4 Kh4 44. Rf3 h5 45. gxh5 gxh5 46. a4 a6 47. Rb3 1-0

[Event "HUN-chT2 Charousek 1213"]
[Site "Hungary"]
[Date "2013.04.21"]
[Round "11"]
[White "Horvath, Imre"]
[Black "Darazs, Zoltan"]
[Result "1/2-1/2"]
[WhiteElo "2277"]
[BlackElo "2137"]
[PlyCount "153"]
[EventDate "2012.09.16"]
[EventType "team-tourn"]
[EventRounds "11"]
[EventCountry "HUN"]
[SourceTitle "EXT 2014"]
[Source "ChessBase"]
[SourceDate "2013.11.20"]
[SourceVersion "1"]
[SourceVersionDate "2013.11.20"]
[SourceQuality "1"]
[WhiteTeam "Alsoszolnok"]
[BlackTeam "Kobanya Aquarena"]
[WhiteTeamCountry "HUN"]
[BlackTeamCountry "HUN"]

1. e4 c5 2. Nf3 Nc6 3. Bb5 g6 4. 0-0 Bg7 5. c3 e5 6. Re1 Nge7 7. d3 0-0 8. Be3 d6 9. h3 a6 10. Ba4 b5 11. Bb3 Na5 12. Bc2 Qc7 13. Qd2 f5 14. Bh6 f4 15. Bxg7 Kxg7 16. b4 Nac6 17. d4 c4 18. a4 Rb8 19. Na3 Ng8 20. axb5 axb5 21. dxe5 dxe5 22. Qd5 Nf6 23. Qc5 Nd7 24. Qd5 Nf6 25. Qc5 Nd7 26. Nxb5 Qb7 27. Qxc4 Qxb5 28. Qxb5 Rxb5 29. Ba4 Rb6 30. Red1 Ncb8 31. Bxd7 Nxd7 32. Ra7 Rf7 33. Rc7 Rb8 34. c4 Nf6 35. Rxf7+ Kxf7 36. Nxe5+ Ke6 37. Nc6 Rb6 38. Nd4+ Kf7 39. e5 Ne4 40. b5 Be6 41. Rc1 Nc5 42. Ra1 Rb7 43. Nc6 Rc7 44. Nd8+ Ke7 45. Nc6+ Kf7 46. Nd8+ Ke7 47. Nc6+ Ke8 48. Ra8+ Rc8 49. Ra7 Bd7 50. Nd4 Ne6 51. Nxe6 Bxe6 52. b6 Kd8 53. Rxh7 Bxc4 54. Rh4 g5 55. Rh5 Be6 56. Rxg5 Rb8 57. Rg6 Ke7 58. Rf6 Rxb6 59. Rxf4 Rb1+ 60. Kh2 Re1 61. h4 Rxe5 62. g4 Bf7 63. Kg3 Ra5 64. f3 Rb5 65. Re4+ Kf6 66. Re3 Bg6 67. Ra3 Rc5 68. f4 Kg7 69. Rf3 Be4 70. Rf2 Rc3+ 71. Kh2 Bf3 72. g5 Kg6 73. Kg3 Bh5+ 74. Kg2 Kf5 75. Rb2 Kxf4 76. Rb4+ Kf5 77. Rb5+ 1/2-1/2

[Event "HUN-chT2 Charousek 1213"]
[Site "Hungary"]
[Date "2013.04.07"]
[Round "10"]
[White "Orso, Miklos"]
[Black "Horvath, Imre"]
[Result "1/2-1/2"]
[WhiteElo "2351"]
[BlackElo "2277"]
[PlyCount "29"]
[EventDate "2012.09.16"]
[EventType "team-tourn"]
[EventRounds "11"]
[EventCountry "HUN"]
[SourceTitle "EXT 2014"]
[Source "ChessBase"]
[SourceDate "2013.11.20"]
[SourceVersion "1"]
[SourceVersionDate "2013.11.20"]
[SourceQuality "1"]
[WhiteTeam "Aquaprofit II"]
[BlackTeam "Alsoszolnok"]
[WhiteTeamCountry "HUN"]
[BlackTeamCountry "HUN"]

1. Nf3 d5 2. g3 c6 3. b3 Bg4 4. Ne5 Bf5 5. Bg2 Nd7 6. Nf3 e6 7. Bb2 Ngf6 8. 0-0 h6 9. d3 Be7 10. Nbd2 0-0 11. c4 Re8 12. Qc2 Bh7 13. a3 a5 14. Bc3 Bf8 15. Qb2 1/2-1/2

[Event "Leitersdorf Region-ch"]
[Site "Leitersdorf"]
[Date "2013.01.06"]
[Round "5"]
[White "Hartinger, Heinz"]
[Black "Horvath, Imre"]
[Result "0-1"]
[WhiteElo "1958"]
[BlackElo "2267"]
[PlyCount "36"]
[EventDate "2013.01.02"]
[EventType "swiss"]
[EventRounds "5"]
[EventCountry "AUT"]
[SourceTitle "CBM 152 Extra"]
[Source "ChessBase"]
[SourceDate "2013.02.25"]
[SourceVersion "1"]
[SourceVersionDate "2013.02.25"]
[SourceQuality "1"]

1. d4 d5 2. Nf3 c6 3. c4 e6 4. Nc3 f5 5. Bg5 Be7 6. Bxe7 Qxe7 7. e3 Nf6 8. Ne5 Nbd7 9. Nxd7 Bxd7 10. Qb3 0-0 11. f3 Kh8 12. 0-0-0 Rab8 13. Kb1 b5 14. c5 e5 15. Bd3 e4 16. fxe4 dxe4 17. Be2 Be6 18. Qc2 b4 0-1

[Event "Leitersdorf Region-ch"]
[Site "Leitersdorf"]
[Date "2013.01.04"]
[Round "3"]
[White "Schriebl, Alexander"]
[Black "Horvath, Imre"]
[Result "1-0"]
[WhiteElo "2086"]
[BlackElo "2267"]
[PlyCount "105"]
[EventDate "2013.01.02"]
[EventType "swiss"]
[EventRounds "5"]
[EventCountry "AUT"]
[SourceTitle "CBM 152 Extra"]
[Source "ChessBase"]
[SourceDate "2013.02.25"]
[SourceVersion "1"]
[SourceVersionDate "2013.02.25"]
[SourceQuality "1"]

1. d4 Nf6 2. c4 c5 3. d5 b5 4. cxb5 a6 5. bxa6 Bxa6 6. Nc3 d6 7. Nf3 g6 8. g3 Bg7 9. Bg2 0-0 10. 0-0 Nbd7 11. Rb1 Qa5 12. Qc2 Rfb8 13. Rd1 Ne8 14. Bg5 Kf8 15. Bd2 Nc7 16. b3 Nb5 17. Nxb5 Qxb5 18. Bf1 Qb7 19. Bc3 Bxc3 20. Qxc3 Nf6 21. Rb2 Kg8 22. Bg2 Qb4 23. Qxb4 Rxb4 24. Ne1 Rb6 25. Rc2 Bb7 26. e4 Rb4 27. f3 g5 28. g4 Nd7 29. Rdd2 Kg7 30. Bf1 Ne5 31. Kg2 Kf6 32. Kg3 h5 33. gxh5 Rh8 34. Nd3 Nxd3 35. Bxd3 Rxh5 36. Rc4 Rb6 37. Ra4 Rh4 38. Ra7 Ke5 39. Bc4 Rh8 40. a4 Ra8 41. Rxa8 Bxa8 42. Kg4 Rb8 43. a5 Bb7 44. a6 Bc8+ 45. Kxg5 f6+ 46. Kg6 Ra8 47. h4 Bxa6 48. Bxa6 Rxa6 49. h5 Ra1 50. Rh2 Kf4 51. h6 Kxf3 52. h7 Ra8 53. Rh4 1-0

[Event "Leitersdorf Region-ch"]
[Site "Leitersdorf"]
[Date "2013.01.02"]
[Round "1"]
[White "Grebenar, Erich"]
[Black "Horvath, Imre"]
[Result "0-1"]
[WhiteElo "1714"]
[BlackElo "2267"]
[PlyCount "56"]
[EventDate "2013.01.02"]
[EventType "swiss"]
[EventRounds "5"]
[EventCountry "AUT"]
[SourceTitle "CBM 152 Extra"]
[Source "ChessBase"]
[SourceDate "2013.02.25"]
[SourceVersion "1"]
[SourceVersionDate "2013.02.25"]
[SourceQuality "1"]

1. Nf3 d5 2. c4 e6 3. g3 c6 4. Bg2 f5 5. b3 Nf6 6. Bb2 Bd6 7. 0-0 0-0 8. d4 Bd7 9. Nbd2 Be8 10. Qc1 Bh5 11. Re1 Qe7 12. Ne5 Nbd7 13. Nf1 Bb4 14. Bc3 Rad8 15. c5 Bxc3 16. Qxc3 Nxe5 17. dxe5 Nd7 18. b4 f4 19. Bh3 Rde8 20. e4 fxg3 21. hxg3 Qf7 22. f4 Qg6 23. f5 exf5 24. exd5 cxd5 25. a4 Kh8 26. Ra2 Qe6 27. Rd2 Nxe5 28. Rf2 d4 0-1

[Event "HUN-chT2 Charousek 1213"]
[Site "Hungary"]
[Date "2012.11.04"]
[Round "3"]
[White "Horvath, Sandor"]
[Black "Horvath, Imre"]
[Result "1-0"]
[WhiteElo "2286"]
[BlackElo "2277"]
[PlyCount "69"]
[EventDate "2012.09.16"]
[EventType "team-tourn"]
[EventRounds "11"]
[EventCountry "HUN"]
[SourceTitle "EXT 2014"]
[Source "ChessBase"]
[SourceDate "2013.11.20"]
[SourceVersion "1"]
[SourceVersionDate "2013.11.20"]
[SourceQuality "1"]
[WhiteTeam "Csuti"]
[BlackTeam "Alsoszolnok"]
[WhiteTeamCountry "HUN"]
[BlackTeamCountry "HUN"]

1. e4 d6 2. d4 Nf6 3. Nc3 c6 4. Nf3 Bg4 5. Be2 Nbd7 6. 0-0 Bxf3 7. Bxf3 e5 8. Be3 Qc7 9. a4 a5 10. h3 Be7 11. Re1 0-0 12. Ne2 Rfe8 13. g4 d5 14. exd5 e4 15. dxc6 exf3 16. cxd7 Qxd7 17. Ng3 Nxg4 18. Qxf3 Nf6 19. Qf5 Qc6 20. Bg5 g6 21. Qb5 Qxb5 22. axb5 Kg7 23. Bxf6+ Kxf6 24. Re3 Bb4 25. c3 Rxe3 26. fxe3 Bf8 27. Kf2 Ke6 28. Ke2 f5 29. Kd3 Bd6 30. Ne2 g5 31. c4 h5 32. c5 Be7 33. h4 Kd5 34. hxg5 Bxg5 35. Rg1 1-0

[Event "HUN-chT2 Charousek 1213"]
[Site "Hungary"]
[Date "2012.09.16"]
[Round "1"]
[White "Horvath, Imre"]
[Black "Horvath, Csaba3333"]
[Result "1-0"]
[WhiteElo "2277"]
[BlackElo "2223"]
[PlyCount "97"]
[EventDate "2012.09.16"]
[EventType "team-tourn"]
[EventRounds "11"]
[EventCountry "HUN"]
[SourceTitle "EXT 2014"]
[Source "ChessBase"]
[SourceDate "2013.11.20"]
[SourceVersion "1"]
[SourceVersionDate "2013.11.20"]
[SourceQuality "1"]
[WhiteTeam "Alsoszolnok"]
[BlackTeam "Geniusz Tata"]
[WhiteTeamCountry "HUN"]
[BlackTeamCountry "HUN"]

1. d4 Nf6 2. Nf3 e6 3. Bf4 c5 4. e3 b6 5. Nbd2 Bb7 6. Be2 Be7 7. h3 0-0 8. 0-0 d6 9. Re1 Re8 10. c3 Nbd7 11. Bf1 cxd4 12. exd4 Qc7 13. Bh2 Rac8 14. a4 a6 15. Qb3 Bf8 16. Ng5 h6 17. Nge4 Nxe4 18. Nxe4 Bd5 19. Qd1 Qc6 20. Bxa6 Bxe4 21. Bb5 Qd5 22. Rxe4 Qxe4 23. Bxd7 Qd5 24. Qf1 Qa5 25. Bf4 Red8 26. Bxc8 Rxc8 27. Qb5 d5 28. Qxa5 bxa5 29. Kf1 Be7 30. Ke2 Kf8 31. Kd3 Ke8 32. Bd2 Rb8 33. Rb1 Ra8 34. b3 Kd7 35. c4 Kc6 36. c5 Bd8 37. g4 Bc7 38. f4 h5 39. gxh5 Rh8 40. Rg1 Rxh5 41. Rxg7 Rxh3+ 42. Kc2 f5 43. Re7 Rh4 44. Rxe6+ Kb7 45. Re7 Kc6 46. Rf7 Bxf4 47. Rf6+ Kb7 48. Bxa5 Rh2+ 49. Kd1 1-0

[Event "HUN-chT2 Szechenyi 1112"]
[Site "Hungary"]
[Date "2012.05.20"]
[Round "11.1"]
[White "Horvath, Imre"]
[Black "Gergacz, Balazs"]
[Result "1-0"]
[WhiteElo "2269"]
[BlackElo "2033"]
[PlyCount "155"]
[EventDate "2011.09.25"]
[EventType "team-tourn"]
[EventRounds "11"]
[EventCountry "HUN"]
[SourceTitle "EXT 2013"]
[Source "ChessBase"]
[SourceDate "2012.11.22"]
[SourceVersion "1"]
[SourceVersionDate "2012.11.22"]
[SourceQuality "1"]
[WhiteTeam "Keszthely"]
[BlackTeam "Sarvar"]
[WhiteTeamCountry "HUN"]
[BlackTeamCountry "HUN"]

1. Nf3 Nf6 2. d4 d5 3. Bf4 e6 4. e3 c6 5. c4 Nbd7 6. Nc3 Be7 7. cxd5 exd5 8. Ne5 0-0 9. Bd3 g6 10. h3 Nh5 11. Bh6 Re8 12. g4 Ng7 13. Qc2 Nxe5 14. dxe5 Bb4 15. Qa4 Qa5 16. Qxa5 Bxa5 17. f4 Ne6 18. 0-0-0 Bxc3 19. bxc3 Nc5 20. Bg5 f5 21. Rhg1 Nxd3+ 22. Rxd3 Be6 23. Rd2 b5 24. Bf6 a5 25. Rb2 a4 26. a3 Rab8 27. Kd2 Rb7 28. g5 Bf7 29. Ke2 Be6 30. h4 Bf7 31. Kf3 Rc8 32. Rgb1 Rbc7 33. Rb4 Kf8 34. R1b2 Ke8 35. Rh2 Rb7 36. Rb1 Kf8 37. Kg3 Re8 38. Rd2 Rc8 39. h5 Ke8 40. hxg6 hxg6 41. e6 Bxe6 42. Rh1 Bg8 43. Rh8 Kf7 44. e4 dxe4 45. Rd6 Kf8 46. Be5 Rh7 47. Rf6+ Ke7 48. Bd6+ Kd7 49. Rxh7+ Bxh7 50. Bc5 Bg8 51. Rxg6 Bb3 52. Rd6+ Kc7 53. Rf6 Re8 54. Kf2 Be6 55. g6 Bd7 56. Bf8 Be6 57. Ke3 Kd7 58. Bc5 Rg8 59. Kd4 Bd5 60. Bf8 Bc4 61. g7 Be6 62. Rh6 Bd5 63. Rh8 Bc4 64. Ke5 Be6 65. Rh2 Bc4 66. Rd2+ Kc7 67. Kxf5 e3 68. Rd1 e2 69. Re1 c5 70. Ke5 b4 71. cxb4 cxb4 72. axb4 Kd7 73. Kd4 Bb5 74. f5 Ke8 75. Ke5 Bd3 76. b5 Kf7 77. b6 Ba6 78. Rxe2 1-0

[Event "HUN-chT2 Szechenyi 1112"]
[Site "Hungary"]
[Date "2012.02.19"]
[Round "6.1"]
[White "Parkanyi, Attila"]
[Black "Horvath, Imre"]
[Result "1/2-1/2"]
[WhiteElo "2272"]
[BlackElo "2269"]
[PlyCount "37"]
[EventDate "2011.09.25"]
[EventType "team-tourn"]
[EventRounds "11"]
[EventCountry "HUN"]
[SourceTitle "EXT 2013"]
[Source "ChessBase"]
[SourceDate "2012.11.22"]
[SourceVersion "1"]
[SourceVersionDate "2012.11.22"]
[SourceQuality "1"]
[WhiteTeam "Zala Volan"]
[BlackTeam "Keszthely"]
[WhiteTeamCountry "HUN"]
[BlackTeamCountry "HUN"]

1. e4 e5 2. Nf3 Nc6 3. Bb5 a6 4. Ba4 Nf6 5. 0-0 b5 6. Bb3 Be7 7. Re1 d6 8. c3 0-0 9. d4 Bg4 10. Be3 Na5 11. Bc2 Nc4 12. Bc1 c5 13. b3 Nb6 14. dxe5 Bxf3 15. Qxf3 dxe5 16. Nd2 Qd7 17. Nf1 Qg4 18. Qxg4 Nxg4 19. h3 1/2-1/2

[Event "Balaton op-A 29th"]
[Site "Heviz"]
[Date "2011.10.22"]
[Round "5"]
[White "Kareva, Natalia"]
[Black "Horvath, Imre"]
[Result "1/2-1/2"]
[WhiteElo "2035"]
[BlackElo "2269"]
[PlyCount "107"]
[EventDate "2011.10.18"]
[EventType "swiss"]
[EventRounds "9"]
[EventCountry "HUN"]
[SourceTitle "EXT 2012"]
[Source "ChessBase"]
[SourceDate "2011.11.24"]
[SourceVersion "1"]
[SourceVersionDate "2011.11.24"]
[SourceQuality "1"]

1. e4 c5 2. Nf3 e6 3. d4 cxd4 4. Nxd4 Nf6 5. Nc3 Bb4 6. e5 Nd5 7. Bd2 Bxc3 8. bxc3 0-0 9. Bd3 f5 10. c4 Ne7 11. Nb5 Nbc6 12. f4 b6 13. Nd6 Ba6 14. Qc1 Nc8 15. c5 Bxd3 16. cxd3 Nxd6 17. cxd6 Rc8 18. Qb2 Qh4+ 19. g3 Qh5 20. Kf2 g5 21. Rac1 gxf4 22. Bxf4 a5 23. a3 b5 24. d4 b4 25. d5 bxa3 26. Qxa3 exd5 27. Qb3 Qf7 28. Rhd1 d4 29. e6 dxe6 30. Qb5 Qe8 31. Be5 d3 32. Ba1 Qh5 33. Kg1 Qg5 34. Qxd3 Ne5 35. Qa3 Rxc1 36. Qxc1 Qxc1 37. Rxc1 Nf7 38. d7 Nd8 39. Bc3 a4 40. Bb4 Rf7 41. Rc8 Rxd7 42. Ba5 a3 43. Rxd8+ Rxd8 44. Bxd8 Kf7 45. Ba5 e5 46. Bc3 Ke6 47. Kf2 h5 48. Ke3 Kd5 49. h3 a2 50. Ba1 e4 51. Bf6 Kc4 52. g4 fxg4 53. hxg4 hxg4 54. Kxe4 1/2-1/2

[Event "Balaton op-A 29th"]
[Site "Heviz"]
[Date "2011.10.21"]
[Round "4"]
[White "Horvath, Imre"]
[Black "Andersen, Mads"]
[Result "0-1"]
[WhiteElo "2269"]
[BlackElo "2398"]
[PlyCount "74"]
[EventDate "2011.10.18"]
[EventType "swiss"]
[EventRounds "9"]
[EventCountry "HUN"]
[SourceTitle "EXT 2012"]
[Source "ChessBase"]
[SourceDate "2011.11.24"]
[SourceVersion "1"]
[SourceVersionDate "2011.11.24"]
[SourceQuality "1"]

1. d4 Nf6 2. Nf3 g6 3. Bf4 Bg7 4. e3 d6 5. h3 0-0 6. Be2 c5 7. c3 Be6 8. Nbd2 Qb6 9. Qc2 Rc8 10. dxc5 Qxc5 11. 0-0 Qc7 12. e4 Nc6 13. Be3 Bd7 14. Rfd1 Rab8 15. a4 a6 16. Nd4 Nxd4 17. Bxd4 e5 18. Be3 d5 19. Bg5 d4 20. c4 b5 21. axb5 axb5 22. b3 Ne8 23. Rdc1 bxc4 24. Nxc4 Qb7 25. Bd1 Be6 26. Qd3 f6 27. Bd2 Bf8 28. Na5 Qd7 29. Rxc8 Rxc8 30. b4 Nd6 31. Ba4 Qf7 32. b5 Nc4 33. Nc6 Ra8 34. Bb4 Nb6 35. Ba5 Bc4 36. Qd2 Nxa4 37. Rxa4 Bxb5 0-1

[Event "Balaton op-A 29th"]
[Site "Heviz"]
[Date "2011.10.18"]
[Round "1"]
[White "Horvath, Imre"]
[Black "Kucera, Tomas"]
[Result "1-0"]
[WhiteElo "2269"]
[BlackElo "1973"]
[PlyCount "49"]
[EventDate "2011.10.18"]
[EventType "swiss"]
[EventRounds "9"]
[EventCountry "HUN"]
[SourceTitle "EXT 2012"]
[Source "ChessBase"]
[SourceDate "2011.11.24"]
[SourceVersion "1"]
[SourceVersionDate "2011.11.24"]
[SourceQuality "1"]

1. e4 c5 2. Nf3 e6 3. d4 cxd4 4. c3 d6 5. cxd4 Nf6 6. Nc3 Be7 7. Bd3 0-0 8. a3 b6 9. e5 dxe5 10. dxe5 Nd5 11. Nxd5 Qxd5 12. Qc2 Bb7 13. Bxh7+ Kh8 14. Bd3 Nd7 15. Bf4 g5 16. Bc4 Qc5 17. Be3 Qc7 18. h4 gxh4 19. Nxh4 Kg8 20. Qh7+ Kxh7 21. Nf5+ Bh4 22. Rxh4+ Kg8 23. Ne7+ Kg7 24. Bh6+ Kh7 25. Bxf8# 1-0

[Event "HUN-chT2 Szechenyi 1112"]
[Site "Hungary"]
[Date "2011.09.25"]
[Round "1.1"]
[White "Lyell, Mark"]
[Black "Horvath, Imre"]
[Result "0-1"]
[WhiteElo "2197"]
[BlackElo "2269"]
[PlyCount "72"]
[EventDate "2011.09.25"]
[EventType "team-tourn"]
[EventRounds "11"]
[EventCountry "HUN"]
[SourceTitle "EXT 2013"]
[Source "ChessBase"]
[SourceDate "2012.11.22"]
[SourceVersion "1"]
[SourceVersionDate "2012.11.22"]
[SourceQuality "1"]
[WhiteTeam "Pet"]
[BlackTeam "Keszthely"]
[WhiteTeamCountry "HUN"]
[BlackTeamCountry "HUN"]

1. e4 c6 2. d4 d5 3. exd5 cxd5 4. c4 Nf6 5. Nc3 g6 6. Qb3 Bg7 7. cxd5 0-0 8. Be2 Nbd7 9. Bf3 Nb6 10. Bf4 Bg4 11. Bxg4 Nxg4 12. Nf3 Nf6 13. d6 exd6 14. 0-0 Nh5 15. Bg5 Qd7 16. a4 h6 17. Bc1 Rfc8 18. a5 Nc4 19. Ra4 d5 20. Ne5 Nxe5 21. dxe5 d4 22. Ne4 Bxe5 23. Bxh6 Nf6 24. Nxf6+ Bxf6 25. Rb4 Qe6 26. Qxe6 fxe6 27. Re1 e5 28. f4 e4 29. Rxe4 d3 30. f5 g5 31. Kf2 Rc2+ 32. Ke1 Rxg2 33. h4 Rd8 34. Rg4 Rh2 35. Rg1 d2+ 36. Kd1 Rc8 0-1

[Event "Kisber op"]
[Site "Kisber"]
[Date "2011.07.24"]
[Round "6"]
[White "Horvath, Imre"]
[Black "Rummel, Zsolt"]
[Result "1-0"]
[WhiteElo "2271"]
[BlackElo "2133"]
[PlyCount "29"]
[EventDate "2011.07.21"]
[EventType "swiss"]
[EventRounds "7"]
[EventCountry "HUN"]
[SourceTitle "EXT 2012"]
[Source "ChessBase"]
[SourceDate "2011.11.24"]
[SourceVersion "1"]
[SourceVersionDate "2011.11.24"]
[SourceQuality "1"]

1. Nf3 Nf6 2. d4 g6 3. Bf4 d6 4. e3 Bg7 5. h3 0-0 6. Be2 c5 7. c3 b6 8. a4 a6 9. 0-0 Bb7 10. Nbd2 Nbd7 11. Re1 Qc7 12. Bh2 Rae8 13. Bf1 Ne4 14. Nxe4 Bxe4 15. Bxa6 1-0

[Event "Kisber op"]
[Site "Kisber"]
[Date "2011.07.24"]
[Round "7"]
[White "Laszlo, Imre"]
[Black "Horvath, Imre"]
[Result "1-0"]
[WhiteElo "2171"]
[BlackElo "2271"]
[PlyCount "103"]
[EventDate "2011.07.21"]
[EventType "swiss"]
[EventRounds "7"]
[EventCountry "HUN"]
[SourceTitle "EXT 2012"]
[Source "ChessBase"]
[SourceDate "2011.11.24"]
[SourceVersion "1"]
[SourceVersionDate "2011.11.24"]
[SourceQuality "1"]

1. e4 c6 2. d4 d5 3. Nd2 dxe4 4. Nxe4 Bf5 5. Ng3 Bg6 6. h4 h6 7. Bd3 Bxd3 8. Qxd3 Nd7 9. Nf3 Qc7 10. Bd2 Ngf6 11. 0-0-0 e6 12. Rhe1 0-0-0 13. Ne4 Nc5 14. Nxc5 Bxc5 15. c4 Bd6 16. g3 c5 17. Bc3 cxd4 18. Nxd4 Bc5 19. Qe2 Qb6 20. Nb3 Qc6 21. Nxc5 Qxc5 22. Kb1 Qf5+ 23. Ka1 h5 24. f3 Qc5 25. Be5 Rxd1+ 26. Rxd1 Rd8 27. Rxd8+ Kxd8 28. b3 Nd7 29. Bc3 Qg1+ 30. Qe1 Qxe1+ 31. Bxe1 Ne5 32. f4 Nd3 33. Bc3 f6 34. Kb1 Kd7 35. Kc2 Nf2 36. Be1 Ng4 37. Kd3 e5 38. Ke4 g6 39. f5 g5 40. hxg5 fxg5 41. b4 b6 42. Kd5 Ne3+ 43. Kxe5 Nxc4+ 44. Kf6 h4 45. gxh4 gxh4 46. Bxh4 Ne3 47. Kg6 Nxf5 48. Kxf5 Kc6 49. Ke6 Kb5 50. Be7 a5 51. a3 Kc6 52. Bd8 1-0

[Event "Kisber op"]
[Site "Kisber"]
[Date "2011.07.23"]
[Round "4"]
[White "Horvath, Imre"]
[Black "Sipos, Istvan"]
[Result "0-1"]
[WhiteElo "2271"]
[BlackElo "2423"]
[PlyCount "65"]
[EventDate "2011.07.21"]
[EventType "swiss"]
[EventRounds "7"]
[EventCountry "HUN"]
[SourceTitle "EXT 2012"]
[Source "ChessBase"]
[SourceDate "2011.11.24"]
[SourceVersion "1"]
[SourceVersionDate "2011.11.24"]
[SourceQuality "1"]

1. c4 Nf6 2. Nc3 e6 3. Nf3 d5 4. e3 c6 5. b3 Nbd7 6. Be2 Bd6 7. Bb2 b6 8. cxd5 exd5 9. Nd4 Bb7 10. Nf5 Bf8 11. a4 g6 12. Ng3 a6 13. f4 Bd6 14. 0-0 h5 15. Bf3 h4 16. Nh1 Nc5 17. Nf2 Ne6 18. Ne2 Rh7 19. Qc2 Kd7 20. Bg4 Qe7 21. Nd4 Rg8 22. Nf3 Kc7 23. Rac1 Nc5 24. Ng5 Rh6 25. Bf3 Ncd7 26. Nd3 Ne4 27. Bxe4 dxe4 28. Nf2 f5 29. Qc4 Re8 30. Nfh3 Nc5 31. Bd4 Ne6 32. Nxe6+ Qxe6 33. Qc3 0-1